Statistiques concernant Ville d’Essonne les plus denses en population

Cliquez ici pour prendre le quiz!

Statistiques générales

  • Ce quiz a été pris 39 fois
  • Le résultat moyen est 7 sur 15

Statistiques - réponses

HintRéponse% Correct
8.Évry-Courcouronnes
97%
10.Corbeil-Essonnes
82%
2.Massy
74%
4.Grigny
63%
1.Juvisy-sur-Orge
61%
5.Savigny-sur-Orge
58%
14.Athis-Mons
45%
15.Sainte-Geneviève-des-Bois
42%
12.Saint-Michel-sur-Orge
39%
7.Viry-Châtillion
39%
6.Morsang-sur-Orge
34%
3.Arpajon
29%
9.Les Ulis
26%
13.Longjumeau
21%
11.Crosne
11%

Distribution des résultats

Percentile par nombre de réponses

% des personnes avec chaque résultat

Votre développement - résultats

Vous n’avez pas pris ce quiz